| 000 | 02083cam0 2200445 ib4500 | ||
|---|---|---|---|
| 001 | BY-BR0000-br20229295513 | ||
| 005 | 20250722115748.0 | ||
| 010 |
^a978-5-9951-4733-6 ^bв переплете |
||
| 100 | ^a20220513d2020 d y0rusy50 ca | ||
| 101 | 1 |
^arus ^cger |
|
| 102 | ^aRU | ||
| 105 | ^aa z 000ay | ||
| 109 | ^ama | ||
| 200 | 1 |
^aОхота за мехами в Париже ^e[роман ^eдля среднего школьного возраста] ^fАндреас Шлютер ^gиллюстрации Маркуса Шпанга ^g[перевод с немецкого А. Шершун] |
|
| 210 |
^aМосква ^cСтрекоза ^d2020 |
||
| 215 |
^a190, [1] с. ^cил. ^d21 см |
||
| 225 | 1 |
^aСерия "Городской детектив" ^vкн. 4 |
|
| 300 | ^aС кратким французским разговорником | ||
| 304 | ^aЗаглавие и автор оригинала: City Crime — Pelzjagd in Paris / Andreas Schluter | ||
| 333 | ^a12+ | ||
| 345 | ^94000 экз. | ||
| 454 | 0 |
^12001 ^aCity Crime — Pelzjagd in Paris ^fAndreas Schluter |
|
| 606 |
^aХУДОЖЕСТВЕННАЯ ЛИТЕРАТУРА ^3BY-NLB-ar37179 ^2DVNLB |
||
| 606 |
^aЗАРУБЕЖНАЯ ЛИТЕРАТУРА ^3BY-NLB-ar10779 ^2DVNLB |
||
| 608 |
^aДЕТСКАЯ И ЮНОШЕСКАЯ ЛИТЕРАТУРА (художеств. произведение) ^3BY-NLB-ar9019 ^2BYGNR |
||
| 608 |
^aДЕТЕКТИВ (лит. произведение) ^3BY-NLB-ar88485 ^2BYGNR |
||
| 608 |
^aРОМАН ^3BY-NLB-ar92012 ^2BYGNR |
||
| 686 |
^a84(4Гем)-4 ^2rubbk |
||
| 690 |
^a1 ^2Base ^9BY-MI0021 ^xRSEK |
||
| 700 | 1 |
^aШлютер ^bА. ^gАндреас |
|
| 702 | 1 |
^aШпанг ^bМ. ^gМаркус ^4440 |
|
| 702 | 1 |
^aШершун ^bА. ^4730 |
|
| 801 | 0 |
^aBY ^bBY-BR0000 ^c20220513 ^gRCR |
|
| 801 | 2 |
^aBY ^bBY-MI0021 ^c20250505 ^gRCR |
|
| 035 | ^a(BY-MI0021)BY-BR0000-br20229295513 | ||
| 899 | 0 |
^aBY-MI0021 ^iШ69 ^h84(4Гем) |
|